[Event "SVK-chT2B 1415"]
[Site "Slovakia"]
[Date "2015.03.08"]
[Round "11.8"]
[White "Becko, Frantisek"]
[Black "Pinterova, Karolina"]
[Result "0-1"]
[WhiteElo "1937"]
[BlackElo "2026"]
[PlyCount "56"]
[EventDate "2014.10.11"]
[EventType "team-tourn"]
[EventRounds "11"]
[EventCountry "SVK"]
[SourceTitle "EXT 2019"]
[Source "ChessBase"]
[SourceDate "2018.10.10"]
[SourceVersion "1"]
[SourceVersionDate "2018.10.10"]
[SourceQuality "1"]
[WhiteTeam "Sala Slovan Duslo"]
[BlackTeam "Topolcianky SK"]
[WhiteTeamCountry "SVK"]
[BlackTeamCountry "SVK"]

1. e4 c6 2. d4 d5 3. e5 c5 4. c3 Nc6 5. Nf3 Bg4 6. Bb5 e6 7. Qa4 Qb6 8. dxc5 Bxc5 9. Bxc6+ bxc6 10. Qxg4 Bxf2+ 11. Ke2 Ne7 12. Rf1 Bc5 13. b4 Qa6+ 14. Ke1 Bb6 15. Nd4 Bxd4 16. cxd4 Nf5 17. Rxf5 exf5 18. Qxg7 0-0-0 19. Qxf7 Rhf8 20. Qe6+ Rd7 21. Bh6 Rff7 22. Qe8+ Kb7 23. Bf4 Rfe7 24. Qh8 Qd3 25. Nd2 Qxd4 26. Nb3 Qxf4 27. Nc5+ Kc7 28. e6 Qxb4+ 0-1

[Event "SVK-chT2B 1213"]
[Site "Slovakia"]
[Date "2013.02.17"]
[Round "9.4"]
[White "Pallag, Gergely"]
[Black "Pinterova, Karolina"]
[Result "1-0"]
[WhiteElo "2045"]
[BlackElo "2059"]
[PlyCount "89"]
[EventDate "2012.10.13"]
[EventType "team-tourn"]
[EventRounds "11"]
[EventCountry "SVK"]
[SourceTitle "EXT 2015"]
[Source "ChessBase"]
[SourceDate "2014.11.20"]
[SourceVersion "1"]
[SourceVersionDate "2014.11.20"]
[SourceQuality "1"]
[WhiteTeam "Komarno II"]
[BlackTeam "Topolcianky"]
[WhiteTeamCountry "SVK"]
[BlackTeamCountry "SVK"]

1. d4 d5 2. Nf3 Nf6 3. e3 c6 4. Bd3 Bg4 5. Nbd2 e6 6. 0-0 Bd6 7. b3 0-0 8. Bb2 Nbd7 9. c4 Re8 10. Qc2 dxc4 11. Nxc4 Bc7 12. Ng5 Nf8 13. Ne5 Bh5 14. f4 h6 15. Ne4 Nd5 16. Qf2 f6 17. Ng3 fxe5 18. Nxh5 exf4 19. Nxf4 Bxf4 20. exf4 Qf6 21. Rae1 a5 22. a4 Ng6 23. g3 Nge7 24. Re2 Kf7 25. Rfe1 Ng6 26. Qf3 Nf8 27. Qh5+ Kg8 28. Bc4 Rad8 29. Re5 Ng6 30. R5e2 Nf8 31. f5 Qf7 32. Qxf7+ Kxf7 33. fxe6+ Rxe6 34. Rf1+ Rf6 35. Rfe1 Ne6 36. Re5 Rd7 37. Kg2 Nec7 38. Ba3 Re6 39. Rf1+ Rf6 40. Rfe1 Kg6 41. h4 Kf7 42. Re7+ Rxe7 43. Rxe7+ Kg6 44. Bd3+ Rf5 45. Re5 1-0

[Event "SVK-chT2B 1112"]
[Site "Slovakia"]
[Date "2012.01.29"]
[Round "9.2"]
[White "Pinterova, Karolina"]
[Black "Dvoranova, Maria"]
[Result "0-1"]
[WhiteElo "2062"]
[BlackElo "2066"]
[PlyCount "110"]
[EventDate "2011.10.08"]
[EventType "team-tourn"]
[EventRounds "11"]
[EventCountry "SVK"]
[SourceTitle "EXT 2013"]
[Source "ChessBase"]
[SourceDate "2012.11.22"]
[SourceVersion "1"]
[SourceVersionDate "2012.11.22"]
[SourceQuality "1"]
[WhiteTeam "Topolcianky SK"]
[BlackTeam "Surany Lokomotiva"]
[WhiteTeamCountry "SVK"]
[BlackTeamCountry "SVK"]

1. d4 Nf6 2. c4 e6 3. Nc3 d5 4. Nf3 c6 5. Bf4 Bd6 6. Bxd6 Qxd6 7. e3 0-0 8. c5 Qe7 9. Ne5 Nbd7 10. f4 Nxe5 11. fxe5 Nd7 12. Bd3 f6 13. exf6 Rxf6 14. Qh5 Rh6 15. Qe2 e5 16. 0-0-0 b6 17. cxb6 axb6 18. Rd2 e4 19. Bb1 Ba6 20. Qg4 Rf6 21. Qh5 Raf8 22. Nd1 Rf5 23. Qg4 c5 24. Bc2 cxd4 25. Rxd4 Ne5 26. Qg3 Nd3+ 27. Kb1 Qc5 28. Qg4 Nb4 29. Nc3 Nxc2 30. Kxc2 Bd3+ 31. Kc1 Kh8 32. Rd1 b5 33. a3 b4 34. axb4 Qa7 35. R4xd3 exd3 36. Rxd3 Qa1+ 37. Kc2 Rf2+ 38. Ne2 Qf1 39. Kd2 Rxg2 40. Qh5 Rxe2+ 41. Qxe2 Rf2 42. Qxf2 Qxf2+ 43. Kc3 Qf6+ 44. Kb3 Qe6 45. Kc3 Kg8 46. Kd2 Qd6 47. Kc3 Kf7 48. Rd4 Qe5 49. Kd3 Qxh2 50. Rxd5 Qxb2 51. b5 Ke6 52. e4 g6 53. Ke3 h5 54. Kf4 Qf2+ 55. Kg5 Qe3+ 0-1

[Event "SVK-chT2B 1112"]
[Site "Slovakia"]
[Date "2012.01.07"]
[Round "7.1"]
[White "Masarik, Drahoslav"]
[Black "Pinterova, Karolina"]
[Result "1/2-1/2"]
[WhiteElo "2027"]
[BlackElo "2062"]
[PlyCount "25"]
[EventDate "2011.10.08"]
[EventType "team-tourn"]
[EventRounds "11"]
[EventCountry "SVK"]
[SourceTitle "EXT 2013"]
[Source "ChessBase"]
[SourceDate "2012.11.22"]
[SourceVersion "1"]
[SourceVersionDate "2012.11.22"]
[SourceQuality "1"]
[WhiteTeam "Trencin SK II"]
[BlackTeam "Topolcianky SK"]
[WhiteTeamCountry "SVK"]
[BlackTeamCountry "SVK"]

1. Nf3 d5 2. d4 Nf6 3. c4 c6 4. Nc3 a6 5. cxd5 cxd5 6. Qc2 Nc6 7. Bf4 g6 8. e3 Bf5 9. Qd1 Bg7 10. Bd3 Bxd3 11. Qxd3 0-0 12. 0-0 Rc8 13. Rac1 1/2-1/2

[Event "SVK-chT2B 1112"]
[Site "Slovakia"]
[Date "2011.11.05"]
[Round "3.1"]
[White "Pales, Dusan"]
[Black "Pinterova, Karolina"]
[Result "1/2-1/2"]
[WhiteElo "2052"]
[BlackElo "2062"]
[PlyCount "131"]
[EventDate "2011.10.08"]
[EventType "team-tourn"]
[EventRounds "11"]
[EventCountry "SVK"]
[SourceTitle "EXT 2013"]
[Source "ChessBase"]
[SourceDate "2012.11.22"]
[SourceVersion "1"]
[SourceVersionDate "2012.11.22"]
[SourceQuality "1"]
[WhiteTeam "Nitra NSK"]
[BlackTeam "Topolcianky SK"]
[WhiteTeamCountry "SVK"]
[BlackTeamCountry "SVK"]

1. e4 c6 2. d4 d5 3. e5 c5 4. c3 Nc6 5. Nf3 Bg4 6. Be2 e6 7. 0-0 Nge7 8. Be3 Nf5 9. Qd3 Bxf3 10. Bxf3 Nxe3 11. fxe3 Be7 12. Nd2 0-0 13. Bg4 Qb6 14. Kh1 Nd8 15. Qc2 f5 16. exf6 Bxf6 17. Nf3 Rc8 18. Rf2 Nf7 19. Raf1 Rce8 20. Qb3 Qc6 21. c4 b6 22. Rc2 Qd6 23. Rfc1 cxd4 24. Nxd4 Bxd4 25. exd4 Qf4 26. Bf3 Ng5 27. cxd5 Nxf3 28. gxf3 exd5 29. Qxd5+ Kh8 30. Rg1 Re3 31. Qb7 Qxd4 32. Rc7 Rg8 33. Rc2 Qf6 34. Rf2 a5 35. Rd1 Rf8 36. Rdf1 Rfe8 37. Qd5 h6 38. a4 Re2 39. Qd1 Rxb2 40. Rxb2 Qxb2 41. Rg1 Qf6 42. Qd3 Rd8 43. Qe3 Rd4 44. Rc1 Qf4 45. Rc8+ Kh7 46. Qb3 Rd2 47. Qg8+ Kg6 48. Rc6+ Rd6 49. Qe8+ Kh7 50. Rxd6 Qxd6 51. Qe4+ Qg6 52. Qc4 h5 53. Qd4 Qb1+ 54. Kg2 Qb4 55. Qd7 Kh6 56. Qe6+ Kg5 57. Qe5+ Kh6 58. Qe6+ g6 59. Qe3+ Kh7 60. Qe8 Qb2+ 61. Kg3 Qd4 62. Qf7+ Kh6 63. Qf8+ Kh7 64. Qf7+ Kh6 65. Qf8+ Kh7 66. Qf7+ 1/2-1/2

[Event "SVK-chT2B 10/11"]
[Site "Slovakia"]
[Date "2010.12.05"]
[Round "4.6"]
[White "Pinterova, Karolina"]
[Black "Szaraz, Vojtech"]
[Result "1-0"]
[WhiteElo "2067"]
[BlackElo "1961"]
[PlyCount "91"]
[EventDate "2010.10.23"]
[EventType "team-tourn"]
[EventRounds "11"]
[EventCountry "SVK"]
[SourceTitle "EXT 2019"]
[Source "ChessBase"]
[SourceDate "2018.10.10"]
[SourceVersion "1"]
[SourceVersionDate "2018.10.10"]
[SourceQuality "1"]
[WhiteTeam "Topolcianky SK"]
[BlackTeam "Surany Lokomotiva"]
[WhiteTeamCountry "SVK"]
[BlackTeamCountry "SVK"]

1. d4 Nf6 2. c4 c5 3. d5 b5 4. cxb5 a6 5. Nc3 d6 6. e4 g6 7. Nf3 Bg7 8. Be2 0-0 9. 0-0 axb5 10. Bxb5 Nbd7 11. Re1 Ng4 12. Qe2 Nde5 13. Bg5 Nxf3+ 14. gxf3 Ne5 15. Kg2 f6 16. Bh4 Qb6 17. Bg3 Kh8 18. h3 f5 19. f4 Nf7 20. a4 h6 21. exf5 Bxf5 22. Qxe7 Qa5 23. Rac1 Qb4 24. Re2 Rad8 25. Qe3 Bf6 26. Rce1 Kg7 27. Qc1 h5 28. Nd1 h4 29. Bh2 Qb3 30. Ne3 Be4+ 31. Kg1 Bxd5 32. Nxd5 Qxd5 33. Bc4 Qc6 34. b3 Nh6 35. Qd2 Nf5 36. Bd5 Qb6 37. Qd3 Nd4 38. Re3 Qb4 39. Kg2 Nf5 40. Re4 Nd4 41. Rg1 Rde8 42. Kh1 Rxe4 43. Qxe4 g5 44. fxg5 Bd8 45. Bxd6 Rxf2 46. Qxh4 1-0

[Event "SVK-chT2B 0910"]
[Site "Slovakia"]
[Date "2010.02.06"]
[Round "8"]
[White "Obona, Jan"]
[Black "Pinterova, Karolina"]
[Result "1/2-1/2"]
[WhiteElo "2110"]
[BlackElo "2059"]
[PlyCount "121"]
[EventDate "2009.10.10"]
[EventType "team"]
[EventRounds "11"]
[EventCountry "SVK"]
[SourceTitle "EXT 2011"]
[Source "ChessBase"]
[SourceDate "2010.11.26"]
[SourceVersion "1"]
[SourceVersionDate "2010.11.26"]
[SourceQuality "1"]
[WhiteTeam "Bystrica SKS"]
[BlackTeam "Topolcianky"]
[WhiteTeamCountry "SVK"]
[BlackTeamCountry "SVK"]

1. d4 d5 2. c4 c6 3. Nc3 Nf6 4. Nf3 a6 5. e3 b5 6. b3 Bg4 7. h3 Bxf3 8. Qxf3 e5 9. c5 Nbd7 10. Be2 Be7 11. 0-0 0-0 12. Bd2 Qb8 13. Qg3 b4 14. Nb1 Ne4 15. Qg4 f5 16. Qf3 g6 17. Bc1 exd4 18. exd4 Bf6 19. Rd1 Ndxc5 20. Bb2 Re8 21. Bf1 Ng5 22. Qg3 Qxg3 23. fxg3 Nce4 24. Nd2 Nxg3 25. Rac1 Re6 26. Nf3 Nxf3+ 27. gxf3 Bg5 28. Rc2 a5 29. Kg2 Nxf1 30. Kxf1 Kf7 31. Bc1 Bh4 32. Bf4 a4 33. bxa4 Rxa4 34. Rb1 Be7 35. Rb3 Ra5 36. Bd2 Ra4 37. Rcb2 Ra3 38. Rxa3 bxa3 39. Rb3 c5 40. dxc5 Bxc5 41. Rb5 Rc6 42. Ke2 Ke6 43. Kd3 Bd6 44. Rb7 Be7 45. Rb5 g5 46. Rb8 Bf6 47. Ra8 Bb2 48. Bxg5 Rc3+ 49. Ke2 Rc2+ 50. Kd3 Rf2 51. Ra6+ Kf7 52. Ke3 Rh2 53. h4 Bc1+ 54. Kd4 Bxg5 55. hxg5 Rxa2 56. Kxd5 Rg2 57. f4 Re2 58. Rxa3 Re4 59. Ra7+ Kg6 60. Ra6+ Kg7 61. Ra7+ 1/2-1/2

[Event "SVK-chT2B 0910"]
[Site "Slovakia"]
[Date "2010.01.09"]
[Round "6.6"]
[White "Pinterova, Karolina"]
[Black "Szocs, Ladislav"]
[Result "1-0"]
[WhiteElo "2059"]
[BlackElo "1979"]
[PlyCount "29"]
[EventDate "2009.10.10"]
[EventType "team"]
[EventRounds "11"]
[EventCountry "SVK"]
[SourceTitle "EXT 2011"]
[Source "ChessBase"]
[SourceDate "2010.11.26"]
[SourceVersion "1"]
[SourceVersionDate "2010.11.26"]
[SourceQuality "1"]
[WhiteTeam "Topolcianky"]
[BlackTeam "Sala Slovan Duslo"]
[WhiteTeamCountry "SVK"]
[BlackTeamCountry "SVK"]

1. d4 Nf6 2. c4 g6 3. Nc3 d5 4. Nf3 Bg7 5. Qb3 dxc4 6. Qxc4 0-0 7. e4 Nfd7 8. Be3 a6 9. Be2 b5 10. Qb3 Bb7 11. 0-0 c5 12. dxc5 Qc7 13. Nd5 Nxc5 14. Nxc7 Nxb3 15. axb3 1-0

[Event "Piestany op"]
[Site "Piestany"]
[Date "2009.07.28"]
[Round "4"]
[White "Liptak, Dusan"]
[Black "Pinterova, Karolina"]
[Result "0-1"]
[WhiteElo "1919"]
[BlackElo "2061"]
[PlyCount "60"]
[EventDate "2009.07.26"]
[EventType "swiss"]
[EventRounds "7"]
[EventCountry "SVK"]
[SourceTitle "EXT 2010"]
[Source "ChessBase"]
[SourceDate "2010.11.25"]
[SourceVersion "1"]
[SourceVersionDate "2010.11.25"]
[SourceQuality "1"]

1. Nf3 d5 2. c4 c6 3. d4 Nf6 4. Nc3 dxc4 5. a4 Bg4 6. e3 e6 7. Bxc4 Be7 8. 0-0 0-0 9. h3 Bh5 10. Qe2 Nbd7 11. Rd1 Qc7 12. g4 Bg6 13. e4 Rac8 14. g5 Ne8 15. e5 Qd8 16. Ne4 Nb6 17. Bb3 Nd5 18. Ng3 Nec7 19. h4 Bf5 20. Nh2 Nb4 21. Nxf5 exf5 22. f4 Ne6 23. Nf3 Nd5 24. Qh2 Qd7 25. h5 Rfd8 26. Kg2 Nf8 27. Nh4 Qe6 28. Kg3 g6 29. Bc2 Nb4 30. Bb1 Qb3+ 0-1

[Event "Piestany op"]
[Site "Piestany"]
[Date "2009.07.27"]
[Round "2"]
[White "Pinter, Patrik"]
[Black "Pinterova, Karolina"]
[Result "1/2-1/2"]
[WhiteElo "2194"]
[BlackElo "2061"]
[PlyCount "49"]
[EventDate "2009.07.26"]
[EventType "swiss"]
[EventRounds "7"]
[EventCountry "SVK"]
[SourceTitle "EXT 2010"]
[Source "ChessBase"]
[SourceDate "2010.11.25"]
[SourceVersion "1"]
[SourceVersionDate "2010.11.25"]
[SourceQuality "1"]

1. g3 d5 2. Bg2 Nf6 3. Nf3 c6 4. 0-0 Nbd7 5. d4 Ne4 6. Nbd2 Ndf6 7. Ne5 Bf5 8. c3 e6 9. f3 Nxd2 10. Bxd2 Bg6 11. e4 Be7 12. Qe2 0-0 13. g4 Nd7 14. Nxg6 hxg6 15. e5 g5 16. Rae1 c5 17. f4 gxf4 18. Rxf4 Bg5 19. Rf3 a6 20. Ref1 Rc8 21. Be1 cxd4 22. cxd4 Bh4 23. Bb4 Be7 24. Be1 Bh4 25. Bb4 1/2-1/2

[Event "SVK-chT2B 0708"]
[Site "Slovakia"]
[Date "2008.01.12"]
[Round "7.6"]
[White "Becko, Frantisek"]
[Black "Pinterova, Karolina"]
[Result "1-0"]
[WhiteElo "1954"]
[BlackElo "2055"]
[PlyCount "65"]
[EventDate "2007.10.06"]
[EventType "team-tourn"]
[EventRounds "11"]
[EventCountry "SVK"]
[SourceTitle "EXT 2010"]
[Source "ChessBase"]
[SourceDate "2010.11.25"]
[SourceVersion "1"]
[SourceVersionDate "2010.11.25"]
[SourceQuality "1"]
[WhiteTeam "Sala Slovan Duslo"]
[BlackTeam "Topolcianky SK"]
[WhiteTeamCountry "SVK"]
[BlackTeamCountry "SVK"]

1. e4 c6 2. Nc3 d5 3. d4 dxe4 4. Nxe4 Bf5 5. Ng3 Bg6 6. Nf3 Nd7 7. Bd3 Bxd3 8. Qxd3 e6 9. Bf4 Qa5+ 10. c3 Ngf6 11. 0-0 Be7 12. b4 Qb6 13. Nd2 0-0 14. Nge4 Nxe4 15. Nxe4 a5 16. a3 Rfd8 17. Qg3 Qb5 18. bxa5 Qd5 19. Rfe1 Nf6 20. Be5 Ne8 21. Rab1 Rd7 22. Nd2 c5 23. c4 Qc6 24. Rb6 Qa4 25. d5 exd5 26. cxd5 Qxa5 27. Rb2 Bf6 28. Qe3 Bxe5 29. Qxe5 Nf6 30. Nc4 Qd8 31. Nb6 Rxa3 32. Nxd7 Qxd7 33. Qb8+ 1-0

[Event "SVK-chT2B 0607"]
[Site "Slovakia"]
[Date "2007.02.03"]
[Round "8.2"]
[White "Huliak, Pavol"]
[Black "Pinterova, Karolina"]
[Result "1-0"]
[WhiteElo "2078"]
[BlackElo "2067"]
[PlyCount "55"]
[EventDate "2006.10.14"]
[EventType "team-tourn"]
[EventRounds "11"]
[EventCountry "SVK"]
[SourceTitle "EXT 2008"]
[Source "ChessBase"]
[SourceDate "2007.11.25"]
[SourceVersion "1"]
[SourceVersionDate "2007.11.25"]
[SourceQuality "1"]
[WhiteTeam "Prievidza II"]
[BlackTeam "Topolcianky"]
[WhiteTeamCountry "SVK"]
[BlackTeamCountry "SVK"]

1. d4 d5 2. c4 c6 3. Nc3 Nf6 4. Nf3 dxc4 5. a4 Bg4 6. Ne5 Bh5 7. f3 e6 8. e3 Nfd7 9. Nxc4 Na6 10. Be2 Nb4 11. e4 Bg6 12. 0-0 Nf6 13. Be3 Be7 14. Ne5 Qc7 15. Rc1 Bd6 16. Nb5 Qb8 17. Nxd6+ Qxd6 18. Qb3 a5 19. Rfd1 Qb8 20. g4 Ke7 21. Rc5 Qd8 22. Rc4 Ne8 23. Bd2 Nd6 24. Rc5 Qb6 25. h4 h5 26. Bg5+ Ke8 27. Nxg6 fxg6 28. Qxe6+ 1-0

[Event "SVK-chT2B 0506"]
[Site "Slovakia"]
[Date "2005.10.23"]
[Round "2.4"]
[White "Beres, Dominik"]
[Black "Pinterova, Karolina"]
[Result "1/2-1/2"]
[WhiteElo "2090"]
[BlackElo "2063"]
[PlyCount "162"]
[EventDate "2005.10.22"]
[EventType "team-tourn"]
[EventRounds "11"]
[EventCountry "SVK"]
[SourceTitle "EXT 2008"]
[Source "ChessBase"]
[SourceDate "2007.11.25"]
[SourceVersion "1"]
[SourceVersionDate "2007.11.25"]
[SourceQuality "1"]

1. d4 d5 2. Nf3 Nf6 3. Bf4 c6 4. c3 Bf5 5. Nbd2 e6 6. h3 Bd6 7. Be5 0-0 8. e3 Ne4 9. Nxe4 Bxe4 10. Bxd6 Qxd6 11. Ng5 Bg6 12. h4 f6 13. h5 Bf5 14. Nf3 Bg4 15. Qc2 Bf5 16. Bd3 Bxd3 17. Qxd3 Nd7 18. 0-0-0 e5 19. e4 dxe4 20. Qxe4 Qe6 21. Kb1 Rae8 22. h6 g6 23. Nh4 Qf7 24. Rhe1 Nb6 25. f4 exd4 26. Qxd4 Rxe1 27. Rxe1 Qd5 28. Qe3 Nc4 29. Qe7 Qf7 30. Qb4 Rd8 31. f5 Nd2+ 32. Ka1 Re8 33. Rd1 Nc4 34. fxg6 hxg6 35. Nxg6 Ne3 36. h7+ Qxh7 37. Qb3+ Qf7 38. Rd7 Qxb3 39. axb3 Nxg2 40. Rxb7 a5 41. Ka2 Re6 42. Ka3 Ne3 43. Ka4 Nd1 44. Kxa5 Nxb2 45. Rc7 Nd3 46. Ne7+ Kf8 47. Nxc6 Nc1 48. b4 f5 49. Nd4 Re5+ 50. b5 Nd3 51. Nf3 Re2 52. b6 Ra2+ 53. Kb5 Rb2+ 54. Kc6 Rb3 55. Kb7 f4 56. Ka7 Ra3+ 57. Kb8 Ke8 58. b7 Kd8 59. Rc4 Nb2 60. Rd4+ Ke7 61. Re4+ Kd8 62. Rxf4 Rxc3 63. Nd4 Nd3 64. Nb5 Rb3 65. Rd4+ Ke7 66. Kc7 Nc5 67. Nd6 Nxb7 68. Nxb7 Rc3+ 69. Kb6 Rc1 70. Nc5 Kf6 71. Re4 Kf5 72. Re2 Kf6 73. Kc6 Kf5 74. Kd5 Rd1+ 75. Kc4 Rc1+ 76. Kd4 Kf6 77. Ke4 Ra1 78. Kd5 Re1 79. Re3 Kf7 80. Kd6 Re2 81. Rf3+ Ke8 1/2-1/2

[Event "SVK-ch U18 Girls"]
[Site "Bratislava"]
[Date "2002.02.26"]
[Round "3.1"]
[White "Obdrzalkova, Anita"]
[Black "Pinterova, Karolina"]
[Result "1/2-1/2"]
[WhiteElo "2005"]
[BlackElo "2055"]
[PlyCount "71"]
[EventDate "2002.02.24"]
[EventType "swiss"]
[EventRounds "9"]
[EventCountry "SVK"]
[SourceTitle "EXT 2004"]
[Source "ChessBase"]
[SourceDate "2003.11.25"]
[SourceVersion "1"]
[SourceVersionDate "2003.11.25"]
[SourceQuality "1"]

1. d4 d5 2. c4 c6 3. Nc3 Nf6 4. Nf3 dxc4 5. e3 b5 6. a4 Nd5 7. Ne5 Nxc3 8. bxc3 e6 9. axb5 Bb7 10. Bxc4 Bd6 11. Nd3 0-0 12. Qg4 Qc7 13. Bd2 Nd7 14. f3 Nb6 15. bxc6 Nxc4 16. cxb7 Qxb7 17. e4 f5 18. Qh3 Rfe8 19. e5 Bf8 20. Ke2 Rec8 21. Rhb1 Qc6 22. Be1 a5 23. g4 fxg4 24. fxg4 Qe4+ 25. Kf2 Ra7 26. Kg1 Rf7 27. Nf2 Qd5 28. Qg2 Rf3 29. Nd1 Rc7 30. Rb8 Rcf7 31. Bg3 Qe4 32. Bf2 R7f4 33. Bg3 Rf7 34. Bf2 Nd2 35. Rb2 Nc4 36. Rb8 1/2-1/2

[Event "SVK-chT3B 0203"]
[Site "Slovakia"]
[Date "2002.??.??"]
[Round "?"]
[White "Marko, Anton"]
[Black "Pinterova, Karolina"]
[Result "1-0"]
[WhiteElo "2162"]
[BlackElo "2040"]
[PlyCount "57"]
[EventDate "2002.10.??"]
[EventType "team"]
[EventRounds "11"]
[EventCountry "SVK"]
[SourceTitle "EXT 2005"]
[Source "ChessBase"]
[SourceDate "2004.11.15"]
[SourceVersion "1"]
[SourceVersionDate "2004.11.15"]
[SourceQuality "1"]

1. c4 c6 2. Nf3 d5 3. e3 Nf6 4. Nc3 e6 5. d4 Nbd7 6. Bd3 Bd6 7. 0-0 0-0 8. e4 dxe4 9. Nxe4 Nxe4 10. Bxe4 h6 11. Bc2 c5 12. a3 Nf6 13. dxc5 Bxc5 14. Qe2 Bd6 15. Rd1 Qc7 16. b4 Rd8 17. Bb2 Qe7 18. Rd2 Bc7 19. Rxd8+ Qxd8 20. Rd1 Qe7 21. Ne5 a5 22. b5 Qc5 23. Qd3 Ne8 24. Bd4 Qd6 25. c5 Qd8 26. Qh7+ Kf8 27. b6 Bb8 28. Ng6+ fxg6 29. Bxg7+ 1-0

[Event "SVK-chT3B 0102"]
[Site "Slovakia"]
[Date "2002.??.??"]
[Round "7"]
[White "Pinterova, Karolina"]
[Black "Veres, Andrej"]
[Result "1-0"]
[WhiteElo "2055"]
[BlackElo "2120"]
[PlyCount "139"]
[EventDate "2001.10.??"]
[EventType "team"]
[EventRounds "9"]
[EventCountry "SVK"]
[SourceTitle "EXT 2003"]
[Source "ChessBase"]
[SourceDate "2002.11.25"]
[SourceVersion "1"]
[SourceVersionDate "2002.11.25"]
[SourceQuality "1"]

1. d4 Nf6 2. c4 e6 3. Nc3 Bb4 4. Qc2 d5 5. cxd5 exd5 6. Bg5 0-0 7. e3 Be6 8. a3 Be7 9. Nf3 Nbd7 10. Bd3 h6 11. Bh4 c6 12. 0-0 Rc8 13. b4 a5 14. Rab1 axb4 15. axb4 b5 16. Bxf6 Bxf6 17. Ra1 Ra8 18. Ne2 Qb6 19. Nd2 Be7 20. Qc3 Ra4 21. Rab1 Rfa8 22. Rfc1 Ra3 23. Nb3 R8a4 24. Qxc6 Qxc6 25. Rxc6 Rxb4 26. Nec1 Rc4 27. Bxc4 dxc4 28. Nd2 Rc3 29. Ne4 Rc2 30. Kf1 b4 31. Ne2 b3 32. f3 Nf6 33. Nxf6+ gxf6 34. e4 Bb4 35. Rb6 Ba5 36. Rb5 Ra2 37. Rb7 c3 38. d5 b2 39. Nxc3 Bxc3 40. Ke2 Ra1 41. R1xb2 Bxb2 42. dxe6 fxe6 43. Rxb2 Ra3 44. Rb7 Ra2+ 45. Kf1 Rc2 46. Re7 e5 47. h3 Rb2 48. Kg1 Rc2 49. Kh2 Rb2 50. Kg3 Re2 51. h4 Rc2 52. h5 Re2 53. Kh3 Rf2 54. Ra7 Re2 55. g3 Re3 56. Kg4 Rc3 57. f4 Re3 58. Kf5 Rxg3 59. fxe5 fxe5 60. Kxe5 Rg5+ 61. Kf6 Rxh5 62. e5 Rh1 63. e6 Rf1+ 64. Ke7 Re1 65. Kd7 Rd1+ 66. Ke8 Rd6 67. e7 Rd1 68. Rd7 Ra1 69. Rd8 Ra7 70. Rd2 1-0

[Event "SVK-chT3B 0102"]
[Site "Slovakia"]
[Date "2001.??.??"]
[Round "4"]
[White "Abraham, Jan"]
[Black "Pinterova, Karolina"]
[Result "1/2-1/2"]
[WhiteElo "2005"]
[BlackElo "2055"]
[PlyCount "51"]
[EventDate "2001.10.??"]
[EventType "team"]
[EventRounds "9"]
[EventCountry "SVK"]
[SourceTitle "EXT 2006"]
[Source "ChessBase"]
[SourceDate "2005.11.24"]
[SourceVersion "1"]
[SourceVersionDate "2005.11.24"]
[SourceQuality "1"]

1. e4 c6 2. d4 d5 3. e5 c5 4. c3 Nc6 5. Nf3 Bg4 6. Bb5 Qb6 7. Bxc6+ bxc6 8. dxc5 Qxc5 9. Qd4 Qxd4 10. Nxd4 Rc8 11. h3 c5 12. hxg4 cxd4 13. 0-0 dxc3 14. Nxc3 e6 15. Be3 Bc5 16. Bxc5 Rxc5 17. Rac1 Ne7 18. Ne4 Rxc1 19. Nd6+ Kd7 20. Rxc1 Rb8 21. b3 f6 22. Nf7 Ng6 23. exf6 gxf6 24. Rc3 Rf8 25. Nh6 Ne7 26. b4 1/2-1/2

[Event "SVK-chT3B 0102"]
[Site "Slovakia"]
[Date "2001.??.??"]
[Round "4"]
[White "Pinterova, Karolina"]
[Black "Vojtek, Vladimir"]
[Result "0-1"]
[WhiteElo "2055"]
[BlackElo "2283"]
[PlyCount "74"]
[EventDate "2001.10.??"]
[EventType "team"]
[EventRounds "9"]
[EventCountry "SVK"]
[SourceTitle "EXT 2003"]
[Source "ChessBase"]
[SourceDate "2002.11.25"]
[SourceVersion "1"]
[SourceVersionDate "2002.11.25"]
[SourceQuality "1"]

1. d4 Nf6 2. c4 d6 3. Nc3 g6 4. e4 Bg7 5. Nf3 Bg4 6. Be2 Nc6 7. d5 Bxf3 8. Bxf3 Ne5 9. Be2 c6 10. Be3 0-0 11. f4 Ned7 12. 0-0 Qb8 13. Rc1 Rc8 14. Rc2 cxd5 15. Nxd5 Nxd5 16. exd5 Rc7 17. Bd4 Qc8 18. Bxg7 Kxg7 19. Qd4+ Kg8 20. Rc3 Qf8 21. Re3 Rac8 22. Bd3 Nc5 23. Bb1 f5 24. b3 Qg7 25. Qd2 Qf6 26. Rfe1 b5 27. cxb5 Ne4 28. Bxe4 fxe4 29. Rxe4 Rc2 30. Qe3 R8c7 31. Rxe7 Rxe7 32. Qxe7 Qd4+ 33. Qe3 Qxd5 34. Qe8+ Kg7 35. Re7+ Kh6 36. Qf8+ Kh5 37. Rxh7+ Kg4 0-1